[Event "Niederbayernliga 1516"]
[Site "Bayern"]
[Date "2016.02.21"]
[Round "7.6"]
[White "Nowotny, Lukas"]
[Black "Stark, Bernhard"]
[Result "1/2-1/2"]
[WhiteElo "1596"]
[BlackElo "1792"]
[PlyCount "54"]
[EventDate "2015.10.11"]
[EventType "team-tourn"]
[EventRounds "9"]
[EventCountry "GER"]
[SourceTitle "EXT 2023"]
[Source "ChessBase"]
[SourceDate "2022.10.05"]
[SourceVersion "1"]
[SourceVersionDate "2022.10.05"]
[SourceQuality "1"]
[WhiteTeam "Roehrnbach II"]
[BlackTeam "Passau II"]
[WhiteTeamCountry "GER"]
[BlackTeamCountry "GER"]

1. c4 f5 2. Nc3 Nf6 3. g3 g6 4. Bg2 Bg7 5. d3 e5 6. Bg5 h6 7. Bxf6 Qxf6 8. Nd5 Qd8 9. Nc3 d6 10. Nf3 0-0 11. Qb3 Kh7 12. 0-0 Nd7 13. Nd2 Nc5 14. Qc2 Ne6 15. e3 c6 16. Rab1 a5 17. a3 f4 18. Ne2 Bd7 19. exf4 exf4 20. Nf3 fxg3 21. hxg3 Ng5 22. Nh4 Nh3+ 23. Bxh3 Bxh3 24. d4 Bf5 25. Nxf5 Rxf5 26. Rbd1 Qg5 27. Qd2 Qxd2 1/2-1/2

[Event "Niederbayernliga 1516"]
[Site "Bayern"]
[Date "2016.01.31"]
[Round "6.8"]
[White "Rader, Lothar"]
[Black "Nowotny, Lukas"]
[Result "1-0"]
[WhiteElo "1633"]
[BlackElo "1596"]
[PlyCount "77"]
[EventDate "2015.10.11"]
[EventType "team-tourn"]
[EventRounds "9"]
[EventCountry "GER"]
[SourceTitle "EXT 2023"]
[Source "ChessBase"]
[SourceDate "2022.10.05"]
[SourceVersion "1"]
[SourceVersionDate "2022.10.05"]
[SourceQuality "1"]
[WhiteTeam "Deggendorf II"]
[BlackTeam "Roehrnbach II"]
[WhiteTeamCountry "GER"]
[BlackTeamCountry "GER"]

1. d4 d5 2. c4 e6 3. Nc3 Nf6 4. Nf3 Be7 5. Bg5 c6 6. e3 Nbd7 7. Rc1 Qa5 8. Qc2 h6 9. Bh4 Qd8 10. Bd3 0-0 11. 0-0 Qc7 12. cxd5 exd5 13. Qe2 Re8 14. Bg3 Qd8 15. h3 Nf8 16. Bb1 Ng6 17. Ne5 Nxe5 18. dxe5 Nh7 19. Qc2 Nf8 20. Rcd1 Be6 21. f4 Bc5 22. Bf2 Bb6 23. Qe2 g6 24. Ne4 Nh7 25. Nd6 Re7 26. f5 gxf5 27. Bxf5 Bxf5 28. Nxf5 Re6 29. Bh4 Qd7 30. Qh5 Kh8 31. Bf6+ Rxf6 32. exf6 Rg8 33. Nd4 Qe8 34. Rde1 Rg6 35. Qh4 Qe5 36. Rf5 Qe8 37. Kh1 Ng5 38. Rxg5 Rxg5 39. Qxh6+ 1-0

[Event "Niederbayernliga 0405"]
[Site "Germany"]
[Date "2005.??.??"]
[Round "6"]
[White "Nowotny, Lukas"]
[Black "Koenigl, Anton"]
[Result "0-1"]
[WhiteElo "1718"]
[BlackElo "1758"]
[PlyCount "86"]
[EventDate "2004.??.??"]
[EventType "team"]
[EventRounds "9"]
[EventCountry "GER"]
[SourceTitle "EXT 2008"]
[Source "ChessBase"]
[SourceDate "2007.11.25"]
[SourceVersion "1"]
[SourceVersionDate "2007.11.25"]
[SourceQuality "1"]
[WhiteTeam "Freyung"]
[BlackTeam "Ergolding"]
[WhiteTeamCountry "GER"]
[BlackTeamCountry "GER"]

1. c4 c5 2. Nc3 Nf6 3. Nf3 e6 4. d3 d6 5. g3 b6 6. Bg2 Bb7 7. 0-0 Be7 8. e4 Nc6 9. Re1 0-0 10. a3 Rb8 11. Be3 a6 12. d4 cxd4 13. Nxd4 Ne5 14. Qe2 Qc7 15. b3 Rbc8 16. a4 Rfd8 17. Rac1 Ned7 18. Qc2 Ng4 19. Bd2 Bf6 20. Nf3 Qc5 21. Be3 Nxe3 22. Rxe3 g6 23. Rd1 Bg7 24. Red3 Nb8 25. Qe2 Nc6 26. Qe3 Qxe3 27. Rxe3 Nb4 28. Nd4 Kf8 29. Nce2 Ke7 30. e5 d5 31. f4 Ba8 32. cxd5 Nxd5 33. Red3 Ke8 34. Bxd5 Bxd5 35. Nc3 Bb7 36. b4 Bf8 37. b5 Bc5 38. Kf1 Rxd4 39. Rxd4 Bxd4 40. Rxd4 Rxc3 41. Rd6 axb5 42. Rxb6 Bc8 43. Rb8 bxa4 0-1